Webová aplikácia pre evidenciu zdrojov žiarenia
Na minha lista:
| Autor principal: | |
|---|---|
| Outros Autores: | |
| Formato: | Manuscrito Livro |
| Idioma: | eslovaco |
| Publicado em: |
Bratislava :
STU v Bratislave FEI,
2023
|
| Assuntos: | |
| Acesso em linha: | https://opac.crzp.sk/?fn=detailBiblioFormChildUJAHV&sid=925BFB95FAA30F229094C9019F0C&seo=CRZP-detail-kniha |
| Tags: |
Sem tags, seja o primeiro a adicionar uma tag!
|
MARC
| LEADER | 00000ntm a22000003a 4500 | ||
|---|---|---|---|
| 001 | stuzp92730 | ||
| 003 | SK-STU | ||
| 005 | 20241113123903.7 | ||
| 007 | ta | ||
| 008 | 150427s2015----xo-----f-mn---000-0-slo-d | ||
| 040 | |a STU |b slo | ||
| 041 | 0 | |a slo | |
| 044 | |a xo | ||
| 100 | 1 | |a Kurek, Dávid |u 036000 |4 aut |U FEI Fakulta elektrotechniky a informatiky |T FEI Ústav jadrového a fyzikálneho inžinierstva |X 104514 |U E060 |Y 817 |7 104514 | |
| 242 | 0 | 1 | |a Web application for registration of radiation sources |y eng |
| 245 | 1 | 0 | |a Webová aplikácia pre evidenciu zdrojov žiarenia |
| 260 | |a Bratislava : |b STU v Bratislave FEI, |c 2023 | ||
| 300 | |a 49 s., príl. | ||
| 650 | 4 | |a Angular |2 slo | |
| 650 | 4 | |a webová aplikácia |2 slo | |
| 650 | 4 | |a MongoDB |2 slo | |
| 650 | 4 | |a Express |2 slo | |
| 650 | 4 | |a evidencia zdrojov žiarenia |2 slo | |
| 650 | 4 | |a Angular |2 eng | |
| 650 | 4 | |a MongoDB |2 eng | |
| 650 | 4 | |a Express |2 eng | |
| 650 | 4 | |a web application |2 eng | |
| 650 | 4 | |a registration of radiation sources |2 eng | |
| 700 | 1 | |a Hinca, Róbert |u 036000 |k Z1 |4 ths |U FEI Fakulta elektrotechniky a informatiky |T FEI Ústav jadrového a fyzikálneho inžinierstva |X 4662 |U E060 |Y 817 |7 A000004662 | |
| 856 | 4 | |u https://opac.crzp.sk/?fn=detailBiblioFormChildUJAHV&sid=925BFB95FAA30F229094C9019F0C&seo=CRZP-detail-kniha | |